Tìm hiểu về sóng điện từ và ứng dụng của nó trong cuộc sống

Cơ quan chủ trì: Đại học Thủ Dầu Một; Đề tài NCKH sinh viên khoa Tự nhiên

Sparad:
Bibliografiska uppgifter
Huvudupphovsman: Nguyễn, Thị Ngọc Mai
Övriga upphovsmän: Nguyễn Thanh Tùng
Materialtyp: Bok
Språk:Undetermined
Publicerad: Bình Dương 2015
Ämnen:
Länkar:http://lrc.tdmu.edu.vn/opac/search/detail.asp?aID=2&ID=37247
Taggar: Lägg till en tagg
Inga taggar, Lägg till första taggen!
Thư viện lưu trữ: Trung tâm Học liệu Trường Đại học Thủ Dầu Một
LEADER 00881nam a2200181Ia 4500
001 TDMU_37247
008 210410s9999 xx 000 0 und d
082 |a 370.15 
100 |a Nguyễn, Thị Ngọc Mai 
245 0 |a Tìm hiểu về sóng điện từ và ứng dụng của nó trong cuộc sống 
245 0 |c Nguyễn Thị Ngọc Mai; ThS. Nguyễn Thanh Tùng (hướng dẫn) 
260 |a Bình Dương 
260 |c 2015 
520 |a Cơ quan chủ trì: Đại học Thủ Dầu Một; Đề tài NCKH sinh viên khoa Tự nhiên 
650 |a Báo cáo khoa học; Sóng điện từ; Ứng dụng của sóng điện từ 
700 |a Nguyễn Thanh Tùng 
856 |u http://lrc.tdmu.edu.vn/opac/search/detail.asp?aID=2&ID=37247 
980 |a Trung tâm Học liệu Trường Đại học Thủ Dầu Một